000 00709nam a2200217Ii 4500
003 JO-AjNU
008 230605s9999||||xx |||||||||||||| ||und||
017 _a2006/2/257
040 _aJO-AjNU
_bara
_erda
_cJO-AjNU
041 _aara
050 1 4 _aHF 5549 .5 .I6.N34 2006
100 3 _aاعداد:حسين رضوان محمد النجار,
_eauthor
_914966
245 0 0 _aفنون المقابلات الشخصية كيف تفوز بوظيفة
250 _aط1
264 3 1 _aعمان:المؤلف ،2006
300 _a115ص
336 _atext
_btxt
_2rdacontent
337 _aunmediated
_bn
_2rdamedia
338 _avolume
_bnc
_2rdacarrier
650 4 _aالمقابلات -ادارة الافراد
_914967
999 _aA4117
_c7685
_d7685